Statistics for U.S. Five-Star Generals and Admirals

Click here to take the quiz!

General Stats

  • This quiz has been taken 4,260 times
  • The average score is 3 of 9

Answer Stats

Appointed Answer % Correct
1944Dwight Eisenhower
95%
1944Douglas MacArthur
78%
1944Chester Nimitz
47%
1950Omar Bradley
37%
1944George Marshall
31%
1945William Halsey Jr.
24%
1944Henry Arnold
14%
1944Ernest King
14%
1944William Leahy
10%

Score Distribution

Percentile by Number Answered

Percent of People with Each Score

Your Score History

You have not taken this quiz